Prefactibilidad técnica y económica de una planta para la producción de aceites base para la fabricación de aceites lubricantes a partir de la fracción de gasóleos pesados de vacío, en el Plantel de Moín de la Refinería Costarricense de Petróleo (RECOPE S.A)
Αποθηκεύτηκε σε:
| Κύριος συγγραφέας: | |
|---|---|
| Μορφή: | Βιβλίο |
| Γλώσσα: | Spanish |
| Έκδοση: |
San José, C.R.
2011
|
| Θέματα: | |
| Ετικέτες: |
Προσθήκη ετικέτας
Δεν υπάρχουν, Καταχωρήστε ετικέτα πρώτοι!
|
MARC
| LEADER | 00000nam a22000007a 4500 | ||
|---|---|---|---|
| 003 | 010663 | ||
| 005 | 20221231143932.0 | ||
| 008 | 151110b2011 cr a|||| |||| 00| 0 spa d | ||
| 040 | |c cru CEDI | ||
| 090 | |a TFG 6491 | ||
| 100 | |9 2194 |a García Padilla, Natalia | ||
| 245 | |a Prefactibilidad técnica y económica de una planta para la producción de aceites base para la fabricación de aceites lubricantes a partir de la fracción de gasóleos pesados de vacío, en el Plantel de Moín de la Refinería Costarricense de Petróleo (RECOPE S.A) | ||
| 260 | |a San José, C.R. |c 2011 | ||
| 500 | |a Proyecto de graduación (licenciatura en ingeniería química)--Universidad de Costa Rica. Facultad de Ingeniería. Escuela de Ingeniería Química | ||
| 650 | |x ACEITES LUBRICANTES |x PRODUCCION |x COSTOS |x EXTRACCION (QUIMICA) |x EQUIPO Y ACCESORIOS |x PRODUCTOS DEL PETROLEO |x REFINADORA COSTARRICENSE DE PETROLEO. PLANTEL DE MOIN¡ |9 2195 | ||
| 942 | |c TFG | ||
| 999 | |c 14459 |d 14459 | ||
